| 000 | 00613cam a2200217 u 4500 | ||
|---|---|---|---|
| 003 | MX-MxUPN | ||
| 005 | 20240228063605.0 | ||
| 008 | 191025s2009 mx a ar 000 0 spa d | ||
| 035 | _aUPN01000233738 | ||
| 040 |
_aMX-MxUPN _bspa |
||
| 050 | 4 |
_aSF426.5 _bO45 2009 |
|
| 100 | 1 |
_aOlivar, Manuel _942843 |
|
| 245 | 1 | 4 | _aLos perros |
| 260 |
_aMéxico, D.F. : _bDidacticromos, _cc2009. |
||
| 300 |
_a[10] páginas : _bilustraciones a color |
||
| 490 | 0 | _aContigo aprendí | |
| 650 | 4 |
_aPerros _vLiteratura infantil _98585 |
|
| 902 | _bVíctorGodínez/270224 | ||
| 942 |
_2lcc _cLIBRO |
||
| 999 |
_c205833 _d205833 |
||